Questi paesi confinano tra di loro? - Statistics

Statistiche generali
  • Questo quiz è stato fatto 51 volte
  • Il punteggio medio è 11 su 15
Statistiche sulle risposte
Domanda Risposta % Corretto
Italia - Germania Non confinano
98%
Brasile - Francia Confinano
86%
Polonia - Austria Non confinano
86%
Russia - Corea del Nord Confinano
82%
Zambia - Botswana Confinano
80%
Serbia - Grecia Non confinano
77%
Emirati Arabi Uniti - Yemen Non confinano
77%
Norvegia - Russia Confinano
75%
Emirati Arabi Uniti - Oman Confinano
73%
Malesia - Brunei Confinano
73%
Polonia - Russia Confinano
70%
Venezuela - Perù Non confinano
70%
Vietnam - Thailandia Non confinano
55%
Nigeria - Ciad Confinano
48%
Namibia - Zimbabwe Non confinano
39%
Nessun quiz corrispondente trovato
Distribuzione punteggi
Percentuale di utenti per punteggio
Percentile per numero di risposta
I tuoi punteggi nel tempo
Non hai fatto questo quiz